{"text_format":"3","workbook":"xls","n_sheets":3,"sheets":["Sheet1","Sheet2","Sheet3"],"read":"whole","date_system":"1900","formulas":"cached_only"}

{"sheet":"Sheet1","index":0,"n_rows":12,"n_cols":12,"rows_kept":12,"merged":[[0,1,0,9],[1,1,1,9],[2,1,2,9],[4,1,9,1],[4,7,11,7],[4,8,11,8],[4,9,11,9],[4,10,11,10],[10,1,11,1]],"flags":["formulas_cached_only"]}
[null,"钢材及工程统计日报表"]
[null,"日期：    2018 年    9 月   15    日                             填表人：沙迪 "]
[null,"单位：采购部"]
[null,"品名","规格","数量","单位","单价","金额","供应商名称","联系方式","采购员","所属公司","备注"]
[null,"圆钢Q235B","60*6000",8.525,"吨",4740,40408.5,"0538-8109339","泰安市晟永鑫物资有限公司","周彬","中大杆塔"]
[null,null,"20*9000",1,"吨",4440,4440]
[null,null,"36*6000",0.336,"吨",4600,1545.6000000000001]
[null,null,"28*9000",8.346,"吨",4440,37056.24]
[null,null,"10*9000",0.6,"吨",4760,2856]
[null,null,"18*9000",0.504,"吨",4440,2237.76]
[null,"中板Q345B","10*9000",13.678,"吨",4620,63192.36]
[null,null,"9.75*1250*12550",1.201,"吨",4540,5452.54]

{"sheet":"Sheet2","index":1,"n_rows":0,"n_cols":0,"rows_kept":0,"flags":["formulas_cached_only"]}

{"sheet":"Sheet3","index":2,"n_rows":0,"n_cols":0,"rows_kept":0,"flags":["formulas_cached_only"]}